000
00260nam a2200109Ia 4500
008
201217s9999 xx 000 0 und d
100
_a
Lovelock, Christopher H
245
0
_a
Marketing challenges
260
_a
New York
_b
McGraw-Hill
300
_a
665
942
_c
BK
999
_c
7252
_d
7252